<?xml version="1.0" encoding="UTF-8"?><?xml-stylesheet type="text/xsl" href="static/style.xsl"?><OAI-PMH xmlns="http://www.openarchives.org/OAI/2.0/" xmlns:xsi="http://www.w3.org/2001/XMLSchema-instance" xsi:schemaLocation="http://www.openarchives.org/OAI/2.0/ http://www.openarchives.org/OAI/2.0/OAI-PMH.xsd"><responseDate>2026-04-17T04:58:08Z</responseDate><request verb="GetRecord" identifier="oai:riubu.ubu.es:10259/9941" metadataPrefix="marc">https://riubu.ubu.es/oai/request</request><GetRecord><record><header><identifier>oai:riubu.ubu.es:10259/9941</identifier><datestamp>2026-04-16T22:42:08Z</datestamp><setSpec>com_10259_9877</setSpec><setSpec>com_10259_7183</setSpec><setSpec>com_10259.4_106</setSpec><setSpec>com_10259_2604</setSpec><setSpec>col_10259_9878</setSpec></header><metadata><record xmlns="http://www.loc.gov/MARC21/slim" xmlns:doc="http://www.lyncode.com/xoai" xmlns:xsi="http://www.w3.org/2001/XMLSchema-instance" xmlns:dcterms="http://purl.org/dc/terms/" xsi:schemaLocation="http://www.loc.gov/MARC21/slim http://www.loc.gov/standards/marcxml/schema/MARC21slim.xsd">
<leader>00925njm 22002777a 4500</leader>
<datafield tag="042" ind1=" " ind2=" ">
<subfield code="a">dc</subfield>
</datafield>
<datafield tag="720" ind1=" " ind2=" ">
<subfield code="a">Macías Morón, Juan José</subfield>
<subfield code="e">author</subfield>
</datafield>
<datafield tag="720" ind1=" " ind2=" ">
<subfield code="a">Valero Aguayo, Luis</subfield>
<subfield code="e">author</subfield>
</datafield>
<datafield tag="260" ind1=" " ind2=" ">
<subfield code="c">2024-04-16</subfield>
</datafield>
<datafield tag="520" ind1=" " ind2=" ">
<subfield code="a">The current study tests the effects of a brief intervention program based on the contextual therapies (Acceptance and Commitment Therapy and Functional Analytic Psychotherapy) to enhance the well-being and interpersonal relationships in the workplace. This research represents a unified model (FACT) based on functional contextualism. As pilot study, we present the application with two workers with relational and emotional problems between them. We use a single-case design measuring pre, post and follow-up after six months. The assessment was made with various questionnaires and direct measurement of clinically relevant behaviors. The total intervention was carried out individually for a month and a half. The results revealed improvements in both employees about their personal and professional relationships, and also appearing generalisation with improvements in other areas (intimacy, personal relationships, family, friends). The study has implications by highlighting the importance of behavioral analysis of problems in work relationships, and by showing that the integration of contextual therapies can produce rapid results in non-clinical situations. Lastly, the in-depth insight into the change processes triggered by the interventions with FACT as a way to include this approach based on evidence philosophy applied in the workplace.</subfield>
</datafield>
<datafield tag="024" ind2=" " ind1="8">
<subfield code="a">2212-1447</subfield>
</datafield>
<datafield tag="024" ind2=" " ind1="8">
<subfield code="a">http://hdl.handle.net/10259/9941</subfield>
</datafield>
<datafield tag="024" ind2=" " ind1="8">
<subfield code="a">10.1016/j.jcbs.2024.100761</subfield>
</datafield>
<datafield ind1=" " ind2=" " tag="653">
<subfield code="a">Occupational health</subfield>
</datafield>
<datafield ind1=" " ind2=" " tag="653">
<subfield code="a">Workplace</subfield>
</datafield>
<datafield ind1=" " ind2=" " tag="653">
<subfield code="a">Functional-analytic psychotherapy (FAP)</subfield>
</datafield>
<datafield ind1=" " ind2=" " tag="653">
<subfield code="a">Acceptance and commitment therapy (ACT)</subfield>
</datafield>
<datafield ind1=" " ind2=" " tag="653">
<subfield code="a">Case study</subfield>
</datafield>
<datafield tag="245" ind1="0" ind2="0">
<subfield code="a">FACT: A pilot study of process-based therapy to promote occupational well-being</subfield>
</datafield>
</record></metadata></record></GetRecord></OAI-PMH>